| 000 | 00000nam##2200000za#4500 |
| 001 | 9.576039 |
| 003 | CaOODSP |
| 005 | 20210624184943 |
| 007 | cr ||||||||||| |
| 008 | 150406|1989||||xxc|||||o f|0| 0 eng|d |
| 040 | |aCaOODSP|beng |
| 043 | |an-cn--- |
| 086 | 1 |aCS98-134/1989E-PDF |
| 245 | 00|aEducational attainment of Canadians / |h[electronic resource]|cby G.A. Mori and B. Burke. |
| 260 | |aOttawa - Ontario : |bStatistics Canada |c1989. |
| 490 | 1 |aFocus on Canada|v98-134 |
| 500 | |aHistorical census publication digitized by Statistics Canada. |
| 590 | |a13-07-Supp|b2013-03-25 |
| 710 | 2 |aStatistics Canada. |
| 775 | 08|tNiveau de scolarité des canadiens / |w(CaOODSP)9.605395 |
| 830 | #0|aFocus on Canada ;|v98-134|w(CaOODSP)9.507430 |
| 856 | 40|ahttp://publications.gc.ca|qPDF|s1.7 MB|uhttps://publications.gc.ca/collections/collection_2013/statcan/rh-hc/CS98-134-1989-eng.pdf|y98-134 |